Blue Lock Personnages - Statistiques

Statistiques générales
  • Ce quiz a été pris 2 938 fois
    255 depuis la dernière actualisation
  • Le résultat moyen est 26 sur 124
Statistiques - réponses
Affiliations Indices Reponses % Correct
Team Z Le Héro Yoichi Isagi
98%
Team Z La Princesse Hyoma Chigiri
90%
Team Z La Frange Meguru Bachira
90%
Team Z Ichigo Version Foot Rensuke Kunigami
87%
Team V Fort Naturellement au Foot Seishiro Nagi
86%
Deuxième Séléction Le Prodige Rin Itoshi
83%
Team X Le Roi Shoei Baro
81%
Team V Le Caméléon Reo Mikage
78%
U-20 Le Frère du Prodige Sae Itoshi
72%
Japan Football Union L'Organisateur du Blue Lock Jinpachi Ego
66%
Team Z Le Mec Vénère Jingo Raichi
65%
Team Y 1er Rival du Hero Ikki Niko
63%
Team Z Le Premier Viré Ryosuke Kira
60%
Team Z Coup de Boule Gin Gagamaru
59%
World Five Mbappé Blue Lock Julien Loki
59%
Deuxième Séléction Le Cafard Blond Ryusei Shido
59%
Team Z Le Traître Wataru Kuon
59%
U-20 Le Capitaine Oliver Aiku
58%
Deuxième Séléction Le Corbeau Tabito Karasu
57%
Deuxième Séléction Le Ninja Eita Otoya
56%
Meilleur Attaquant du Monde Meilleur Attaquant du Monde Noël Noa
56%
Team Z Il a vraiment Passé la Sélection Lui ? Gurimu Igarashi / Igaguri
55%
Deuxième Séléction Cheuveux Bleu Ciel Yo Hiori
54%
Famille Bachira Mère de Bachira Yu Bachira
52%
Team V Un Rapide Zantetsu Tsurugi
49%
Team Z A Plein de Frères et Sœurs Asahi Naruhaya
48%
Deuxième Séléction Le Mec Sty Jyubei Aryu
48%
Japan Football Union Sûrement la Seule Femme du Manga Anri Teieri
43%
Deuxième Séléction Le Mannequin à Lunettes Kenyu Yukimiya
43%
Deuxième Séléction Le Gars au Bandeau Nijiro Nanase
39%
Team Z Le Gardien Okuhito Iemon
39%
Deuxième Séléction Le Peureux Aoshi Tokimitsu
37%
U-20 Le Gars qui ne Réussit Aucune Action Shuto Sendo
35%
Team W Numéro 4 Kai Tokita
33%
World Five Joueur Pro du Brésil Dada Silva
30%
World Five Joueur Pro d'Espagne Leonardo Luna
28%
World Five Joueur Pro d'Argentine Pablo Cavasoz
26%
Deuxième Séléction Tresse Ranze Kurona
26%
World Five Joueur Pro d'Angleterre Adam Blake
24%
Team Y Crète Jaune Hibiki Okawa
23%
Team Z Qui se Souvient de Lui ? Yudai Imamura
23%
Japan Football Union Le Président Hirotoshi Buratsuta
22%
U-20 Le Gardien Gen Fukaku
16%
Team W Jumeaux Vénère Junichi Wanima
16%
Deuxième Séléction Le Messi d'Aomori Hajime Nishioka
14%
Deuxième Séléction Cheveux Frisés Jin Kiyora
14%
U-20 Réserve Ken Andatte Shimura
13%
U-20 Le Doberman Kazuma Nio
12%
U-20 Le Tatoué Miroku Darai
12%
U-20 Le Gars avec des Petits Yeux Teppei Neru
12%
Team W Numéro 2 Kei Shishiya
11%
Team W Jumeaux Souriant Keisuke Wanima
11%
Deuxième Séléction Ressemble à un Serpent Aiki Himizu
10%
U-20 Cheveux en Pétard Haru Hayate
10%
U-20 Le Beau Gosse Kento Cho
10%
Deuxième Séléction Grains de Beautés sous les Yeux Reiji Hiiragi
10%
Deuxième Séléction Le Predator Kairu Saramadara
7%
U-20 On Dirait un Panda Roux Teru Kitsunezato
7%
Deuxième Séléction Le Plus Grand Lycéen Yukio Ishikari
7%
Famille Isagi Père de Isagi Issei Isagi
6%
U-20 Le Gars avec des Grains de Beautés Itsuki Wakatsuki
6%
Team Y Numéro 1 Juraki Ito
6%
Team V Éliminé Ryo Nameoka
6%
Famille Isagi Mère de Isagi Iyo Isagi
5%
Deuxième Séléction Le Golem Kyohei Shiguma
5%
Deuxième Séléction Coupe Afro Shingen Tanaka
5%
Deuxième Séléction Étoiles dans les Yeux Akira Endoji
4%
Deuxième Séléction Coupe au Carré Haruhiko Yuzu
4%
Team Y Numéro 5 Iori Sato
4%
Deuxième Séléction Doigt dans la Bouche Shizuka Haiji
4%
Deuxième Séléction Ses Cheveux Ressemble à de la Paille Taiga Tsunzaki
4%
Deuxième Séléction Cheveux Courts Bleues Tetsu Sokura
4%
Japan Football Union Le Coach des U-20 Yasumori Hoichi
4%
Team Y Numéro 2 Ashime Suzuki
3%
Team X Numéro 5 Chihiro Ezaki
3%
Team X Numéro 4 Daiya Morinaga
3%
Team Y Numéro 8 Fuma Rokkaku
3%
Team X Numéro 6 Haato Meiji
3%
Team Y Numéro 11 Hyuga Koshiba
3%
Famile Chigiri Sœur de Chigiri Koyuki Chigiri
3%
Team Y Numéro 10 Mareto Takeyama
3%
Famile Chigiri Mère de Chigiri Neneko Chigiri
3%
Team Y Numéro 4 Shinichi Konan
3%
Team Y Numéro 6 Soshi Kagura
3%
Team Y Numéro 3 Tobio Madoka
3%
Team X Numéro 3 Yawara Banku
3%
U-20 Réserve Beita Tsuru
2%
Team X Numéro 9 Burai Daido
2%
Team V Numéro 5 Hirakazu Midorikawa
2%
Team W Numéro 8 Hiromu Munakata
2%
Team V Numéro 8 Kanji Torikai
2%
Team V Numéro 1 Kisaburo Hijikata
2%
Team W Numéro 3 Koki Mera
2%
Team X Numéro 7 Kosei Otsuka
2%
Famille Naruhaya Sœur de Naruhaya Mahiru Naruhaya
2%
Team V Numéro 6 Masumi Atatame
2%
Team W Numéro 7 Noboru Jigen
2%
Team W Numéro 1 Raito Fuwa
2%
Team V Numéro 2 Retsu Nerima
2%
Team X Numéro 11 Rian Sanga
2%
Team V Numéro 4 Rikiya Hohai
2%
Team X Numéro 8 Ruto Kora
2%
U-20 Réserve Ryu Kamioka
2%
Famille Naruhaya Sœur de Naruhaya Seina Naruhaya
2%
Team V Numéro 7 Shuhei Ebina
2%
Team V Numéro 3 Sota Nemoto
2%
Team W Numéro 6 Takuma Isezaki
2%
Famille Naruhaya Sœur de Naruhaya Tenka Naruhaya
2%
Team X Numéro 2 Tsukoteru Eiyu
2%
Team W Numéro 5 Yujin Koshinaka
2%
Team W Numéro 11 Yusei Amazora
2%
Team X Numéro 1 Yuza Dokomo
2%
Commentateur Civil Atsuto Tereasa
1%
Commentateur Civil Harutaro Natsuki
1%
U-20 Réserve Iito Morita
1%
U-20 Réserve Imaru Akashi
1%
U-20 Réserve Kiyoshi Yasushi
1%
U-20 Réserve Ryuhei Osuna
1%
U-20 Réserve Shinsuke Hekisa
1%
U-20 Réserve Taisho Hagimoto
1%
U-20 Réserve Takayuki Tokorojoji
1%
U-20 Réserve Takeshi Bito
1%
Famille Naruhaya Frère de Naruhaya Youta Naruhaya
1%
Famille Naruhaya Frère de Naruhaya Yuya Naruhaya
1%
Aucun quiz correspondant
Distribution des résultats
% des personnes avec chaque résultat
Percentile par nombre de réponses
Votre historique - résultats
Vous n’avez pas pris ce quiz depuis la dernière actualisation